Famous Naturalized Citizens of the US Quiz Stats

 Plays Quiz Updated Dec 29, 2011

Challenge
Share
Tweet
Embed
Score 0/20 Timer 04:00
4 Plays Today
Hint Naturalized Citizen % Correct
Inventor of the telephoneAlexander Graham Bell
95.1%
Artist and John Lennon's wifeYoko Ono
86.4%
Physicist who developed the theory of relativityAlbert Einstein
86%
Host of 'Jeopardy!'Alex Trebek
69.7%
Governor of CaliforniaArnold Schwarzenegger
65.5%
Actor who played James BondPierce Brosnan
63.5%
Owner of FOX and the Wall Street JournalRupert Murdoch
50.8%
Starred in 'Monster' and 'Hancock'Charlize Theron
50.8%
Author of 'The Fountainhead' and 'Atlas Shrugged'Ayn Rand
49.9%
Secretary of State under Nixon and FordHenry Kissinger
49.8%
Hint Naturalized Citizen % Correct
Cardinals/Angels MVP 1st BasemanAlbert Pujols
40.4%
Actress in 'Frida' and producer of 'Ugly Betty'Salma Hayek
38.7%
Former New York Knicks centerPatrick Ewing
38.6%
Director of 'Signs' and 'The Sixth Sense'M. Night Shyamalan
38.2%
Former ABC news anchorPeter Jennings
34%
US soccer prodigy who joined DC United at age 14Freddy Adu
32.1%
Former Houston Rockets centerHakeem Olajuwon
31.4%
Successful female golferAnnika Sörenstam
24.4%
Physicist who helped develop the 1st nuclear reactorEnrico Fermi
23%
Artist associated with DadaismMarcel Duchamp
4.9%

You're not logged in!

Compare scores with friends on all Sporcle quizzes.
OR
Log In

You Might Also Like...

Show Comments

Extras

Top Quizzes Today


Score Distribution

Your Account Isn't Verified!

In order to create a playlist on Sporcle, you need to verify the email address you used during registration. Go to your Sporcle Settings to finish the process.

Report this User

Report this user for behavior that violates our Community Guidelines.

Details: